The Little mermaid / (Record no. 492717)
[ view plain ]
| 000 -LEADER | |
|---|---|
| fixed length control field | 01021nam a22002417a 4500 |
| 003 - CONTROL NUMBER IDENTIFIER | |
| control field | OSt |
| 005 - DATE AND TIME OF LATEST TRANSACTION | |
| control field | 20260512141637.0 |
| 008 - FIXED-LENGTH DATA ELEMENTS--GENERAL INFORMATION | |
| fixed length control field | 251201b |||||||| |||| 00| 0 eng d |
| 020 ## - INTERNATIONAL STANDARD BOOK NUMBER | |
| International Standard Book Number | 9780723281382 |
| 040 ## - CATALOGING SOURCE | |
| Original cataloging agency | Kenya National Library Service |
| 082 ## - DEWEY DECIMAL CLASSIFICATION NUMBER | |
| Classification number | 823.92 KIN |
| 100 ## - MAIN ENTRY--PERSONAL NAME | |
| Personal name | King, Enid C., |
| Relator term | author. |
| 245 ## - TITLE STATEMENT | |
| Title | The Little mermaid / |
| Statement of responsibility, etc. | Enid C. King ; with illustrations by Assan Victoria. |
| 300 ## - PHYSICAL DESCRIPTION | |
| Extent | 42 pages : |
| Other physical details | colour illustration ; |
| Dimensions | 21 cm. |
| 490 ## - SERIES STATEMENT | |
| Series statement | Ladybird Tales. |
| 500 ## - GENERAL NOTE | |
| General note | Hardcover copy. |
| 520 ## - SUMMARY, ETC. | |
| Summary, etc. | This beautiful edition of The Little Mermaid is a perfect first illustrated introduction to this classic fairy tale for young readers from 3+.The story is sensitively retold, following the tale of the young mermaid who falls in love with a human prince |
| 650 ## - SUBJECT ADDED ENTRY--TOPICAL TERM | |
| Topical term or geographic name entry element | Classic, Fairy Tales & Folklore |
| Form subdivision | Juvenile Fiction. |
| 700 ## - ADDED ENTRY--PERSONAL NAME | |
| Personal name | Victoria, Assan, |
| Relator term | illustrator. |
| 942 ## - ADDED ENTRY ELEMENTS (KOHA) | |
| Source of classification or shelving scheme | Dewey Decimal Classification |
| Koha item type | Books |
| Suppress in OPAC | No |
| Withdrawn status | Source of classification or shelving scheme | Damaged status | Not for loan | Collection | Home library | Current library | Date acquired | Source of acquisition | Cost, normal purchase price | Total checkouts | Full call number | Barcode | Date last seen | Price effective from | Koha item type |
|---|---|---|---|---|---|---|---|---|---|---|---|---|---|---|---|
| Dewey Decimal Classification | Junior Books | Information Access | Acquisition, Cataloguing, Classification and Distribution Development | 05/12/2026 | BAI | 374.00 | 823.92 KIN | B230801 | 05/12/2026 | 05/12/2026 | Books |
